| 000 | 00559nam a22001697a 4500 | ||
|---|---|---|---|
| 008 | 170426b xxu||||| |||| 00| 0 eng d | ||
| 020 | _a9715504922 | ||
| 082 |
_22006 _aDFil 304.852 _bV56 |
||
| 100 |
_920373 _aVentura, Rey |
||
| 245 |
_aUnderground in Japan/ _cRey Ventura. |
||
| 260 |
_aQuezon City: _bADMU Press, _cc2006. |
||
| 300 |
_avii, 162 pages; _c20 cm. |
||
| 650 | 0 |
_920374 _aJapan - Emigration and immigration - Social aspects. |
|
| 650 | 0 |
_920375 _aEmployment in foreign countries. |
|
| 650 | 0 |
_920376 _aMigrant workers - Japan. |
|
| 942 |
_2ddc _cDFIL |
||
| 999 |
_c6729 _d6729 |
||